| 000 | 00763nam a2200205Ia 4500 | ||
|---|---|---|---|
| 003 | GCL | ||
| 008 | 140319s9999 xx 000 0 ara d | ||
| 040 |
_aGCL / _cGCL |
||
| 082 | 0 | 4 |
_aد _b050 |
| 100 | 1 | _aمحمد السيد عبدالسلام | |
| 245 | 1 | 0 |
_aالتكنولوجيا الحديثة والتنمية الزراعية فى الوطن العربى (عالم المعرفة 50) / _cمحمد السيد عبدالسلام |
| 300 | _a348 ص | ||
| 490 |
_aعالم المعرفة _v0 |
||
| 650 | 0 | 4 | _aالزراعة |
| 650 | 0 | 4 | _aالتنمية الزراعية |
| 650 | 0 | 4 | _aالتخطيط الزراعى |
| 650 | 0 | 4 | _aالزراعة - اقتصاديات |
| 650 | 0 | 4 | _aالعالم العربى - التنمية الزراعية |
| 942 |
_2ddc _cBK |
||
| 999 |
_c50366 _d50366 |
||